[Event "Challenge"]
[Site "http://www.queenalice.com/game.php?id=212373"]
[Date "2007.5.17"]
[Round "-"]
[White "dieker"]
[Black "tonio6291"]
[Result "0-1"]
[WhiteElo "1366"]
[BlackElo "1283"]

1. b4 e5 2. a3 b5 3. Bb2 d6 4. e3 Nh6 5. h3 Qf6 6. f4 g5 7. Nf3 c6 8. fxe5 dxe5
9. d4 Nd7 10. dxe5 Qe7 11. Be2 Nf5 12. Rf1 Nxe3 13. Qd6 Qd8 14. e6 Bxd6 15. Bxh8
Bg3+ 16. Kd2 Nxf1+ 17. Bxf1 Nf6+ 18. Bd3 Bxe6 19. Ra2 Bxa2 20. Nc3 Bf4+ 21. Kd1
Nd5 22. Nxa2 Ne3+ 23. Ke2 Qb6 24. Bd4 Qd8 25. Bxe3 Qe7 26. Nc3 Qxe3+ 27. Kf1 Bg3
28. Nd1 Qc1 29. Ke2 Rd8 30. Ne3 Kf8 31. Ne5 Bxe5 32. Nd1 Bg3 33. c4 Re8+ 34. Kf3
Qf4# 0-1

[Event "Challenge"]
[Site "http://www.queenalice.com/game.php?id=214354"]
[Date "2007.5.21"]
[Round "-"]
[White "berguette"]
[Black "tonio6291"]
[Result "0-1"]
[WhiteElo "1290"]
[BlackElo "1175"]

1. Nf3 d5 2. Nc3 Nc6 3. e4 e6 4. Bb5 h5 5. exd5 exd5 6. Qe2+ Ne7 7. d4 a6 8. Ba4
b5 9. Bb3 Rh6 10. Nxd5 Re6 11. Ne5 Nxd5 12. h4 Nxd4 13. Qxh5 Qd6 14. O-O Rxe5
15. Qh8 Ne2+ 16. Kh2 Rh5+ 17. Bf4 Ndxf4 18. Rad1 Rxh8 19. g3 Qe5 20. Kh1 Qe4+
21. f3 Qf5 22. gxf4 Qh3# 0-1

[Event "Challenge"]
[Site "http://www.queenalice.com/game.php?id=216070"]
[Date "2007.5.25"]
[Round "-"]
[White "tonio6291"]
[Black "Hugo62"]
[Result "0-1"]
[WhiteElo "1196"]
[BlackElo "1199"]

1. e4 e5 2. Nf3 Nf6 3. d3 Bb4+ 4. c3 Bd6 5. h4 h5 6. g3 Nc6 7. Ng5 Nd4 8. cxd4
exd4 9. Rh2 b6 10. Qb3 Rf8 11. a4 Ng4 12. Rg2 f6 13. Nh7 Rh8 14. e5 fxe5 15. Bg5
Be7 16. Be2 Bb7 17. Rg1 Rxh7 18. f3 Ne3 19. Na3 d5 20. Qb5+ c6 21. Qb3 g6 22.
Rc1 Bxg5 23. hxg5 Qxg5 24. f4 Qf5 25. Nc2 Ng4 26. Qb4 c5 27. Qb5+ Kd8 28. Rf1
Nh2 29. Rf2 Ng4 30. b4 a6 31. Qxb6+ Kc8 32. Rb1 c4 33. b5 a5 34. Bd1 c3 35. Re2
h4 36. fxe5 h3 37. e6 Ne5 38. Na1 Nxd3# 0-1

[Event "Challenge"]
[Site "http://www.queenalice.com/game.php?id=223272"]
[Date "2007.6.10"]
[Round "-"]
[White "berguette"]
[Black "tonio6291"]
[Result "0-1"]
[WhiteElo "1375"]
[BlackElo "1228"]

1. Nf3 Nf6 2. e4 Nxe4 3. Qe2 Nc5 4. Ne5 d6 5. Nd3 e5 6. Nc3 b6 7. Ne4 Bf5 8. Ng5
Qxg5 9. b4 Na4 10. g3 Na6 11. b5 Nb4 12. Bg2 Nxc2+ 13. Kf1 Nxa1 14. Bxa8 Bh3+
15. Ke1 Bg2 16. Rg1 Bh3 17. f4 Qg4 18. Qe4 Nc2+ 19. Kf2 Qd1 20. Rxd1 Bg4 21.
Qc6+ Kd8 22. fxe5 Bxd1 23. Nb4 Nc5 24. d4 Nxd4 25. Bg5+ f6 26. Qb7 Bf3 27. Qb8+
Kd7 28. Bc6+ Nxc6 29. Qa8 Ne6 30. Bd2 g6 31. Bc3 Bg7 32. Qb7 Nxe5 33. Qxa7 Ra8
34. Qa6 Rxa6 35. Nxa6 Nd3+ 36. Kxf3 Ng5+ 37. Ke2 Nc1+ 38. Kd2 Nxa2 39. h4 Nf3+
40. Ke2 Ng1+ 41. Kd3 d5 42. Nb8+ Kc8 43. Bd4 Kxb8 44. Bxg1 c5 45. g4 c4+ 46. Kd4
c3 47. Kxd5 Bf8 48. Bxb6 c2 49. Kc6 c1=Q+ 50. Kd7 Qc8# 0-1

[Event "Challenge"]
[Site "http://www.queenalice.com/game.php?id=224478"]
[Date "2007.6.13"]
[Round "-"]
[White "mogerio"]
[Black "tonio6291"]
[Result "0-1"]
[WhiteElo "1407"]
[BlackElo "1250"]

1. e4 e5 2. Qh5 g6 3. Qxe5+ Be7 4. Qxh8 Kf8 5. b3 Bh4 6. Bb2 c6 7. Bg7+ Ke7 8.
Bf6+ Nxf6 9. Qxh7 Nxh7 10. g3 Bf6 11. e5 Bxe5 12. Nf3 Ng5 13. Nxg5 Bxa1 14. Bh3
Qh8 15. Nc3 Qe5+ 16. Ne2 Qxg5 17. Kd1 a5 18. Re1 b6 19. Ng1+ Kd8 20. f4 Qh5+ 21.
g4 Qh4 22. Nf3 Qxh3 23. Ne5 d6 24. Nxf7+ Kd7 25. Re7+ Kxe7 26. Ng5 Qf1# 0-1

[Event "Challenge"]
[Site "http://www.queenalice.com/game.php?id=226378"]
[Date "2007.6.17"]
[Round "-"]
[White "MariaClara"]
[Black "tonio6291"]
[Result "0-1"]
[WhiteElo "1358"]
[BlackElo "1180"]

1. e4 e5 2. Qh5 c6 3. Bc4 Qa5 4. Qxf7+ Kd8 5. Qxf8+ Kc7 6. Qxg7 Qc5 7. d3 Qb4+
8. Nd2 b5 9. Bxg8 Rxg8 10. Qxg8 Bb7 11. a3 Qe7 12. a4 bxa4 13. Rxa4 c5 14. Nc4
Ba6 15. Bg5 Qe6 0-1

[Event "Challenge"]
[Site "http://www.queenalice.com/game.php?id=230343"]
[Date "2007.6.25"]
[Round "-"]
[White "macinf"]
[Black "tonio6291"]
[Result "0-1"]
[WhiteElo "1424"]
[BlackElo "1203"]

1. Nc3 e5 2. Nf3 f6 3. d4 d6 4. dxe5 fxe5 5. h4 h5 6. Bg5 Nf6 7. Nd5 c6 8. Nxf6+
Kf7 9. e4 gxf6 10. Bc4+ d5 11. exd5 Bb4+ 12. c3 Bc5 13. dxc6+ Be6 14. Qxd8 Rxd8
15. cxb7 Nc6 16. Rd1 Bxc4 17. Nd4 exd4 18. bxa8=Q Rxa8 19. b3 Re8+ 20. Kd2 Re2+
21. Kc1 Ba3+ 22. Kb1 d3 0-1

[Event "Challenge"]
[Site "http://www.queenalice.com/game.php?id=253070"]
[Date "2007.8.8"]
[Round "-"]
[White "tonio6291"]
[Black "lezeu63"]
[Result "0-1"]
[WhiteElo "1286"]
[BlackElo "1483"]

1. d4 d5 2. Nh3 Nc6 3. c3 e5 4. Bg5 f6 5. Be3 e4 6. a4 f5 7. Bg5 Be7 8. Qd2 Na5
9. b4 Nb3 10. Qb2 Nxa1 11. Qxa1 h6 12. Bf4 Nf6 13. e3 O-O 14. Qa2 Bd7 15. Be2 g5
16. Be5 Be6 17. Bb5 Bd7 18. Ke2 c6 19. c4 a6 20. c5 axb5 21. Nc3 bxa4 22. Nxa4
b5 23. Rd1 Rxa4 24. Qc2 Rxb4 25. Qa2 Ng4 26. Qa7 Nxe5 27. Ra1 Nc4 28. Ra6 Qe8
29. f4 Qh5+ 30. g4 Rb2+ 31. Kd1 Qxg4+ 32. Ke1 Qe2# 0-1

[Event "Challenge"]
[Site "http://www.queenalice.com/game.php?id=253095"]
[Date "2007.8.8"]
[Round "-"]
[White "Hugo62"]
[Black "tonio6291"]
[Result "1-0"]
[WhiteElo "1292"]
[BlackElo "1302"]

1. Nc3 e5 2. Nf3 Nc6 3. e4 h5 4. h4 b6 5. a3 a5 6. Nb5 Rh6 7. c3 Nf6 8. g3 Ba6
9. a4 Qe7 10. Nxc7+ Kd8 11. Nxa8 Bb7 12. Nxb6 Nxe4 13. d3 Nc5 14. Qe2 Nxa4 15.
Rxa4 Qc5 16. Nc4 Ba6 17. Bg5+ f6 18. Bxh6 gxh6 19. Bh3 Bb5 20. Ra1 f5 21. Bxf5
Ne7 22. Bh3 Bg7 23. Nxa5 Nd5 24. Nb7+ Kc8 25. Nxc5 Kd8 26. Ra8+ Ke7 27. d4 Bxe2
28. Kxe2 Nb6 29. Ra7 Nc4 30. Rxd7+ Kf8 31. Ne6+ Kg8 32. Rxg7+ Kh8 33. Ra1 Nxb2
34. Ra8# 1-0

[Event "Challenge"]
[Site "http://www.queenalice.com/game.php?id=257569"]
[Date "2007.8.18"]
[Round "-"]
[White "dreaming_of_a_vacation"]
[Black "tonio6291"]
[Result "1-0"]
[WhiteElo "1329"]
[BlackElo "1325"]

1. Nc3 e5 2. e4 Nf6 3. Qf3 c6 4. g3 b5 5. d3 h5 6. Qf5 d6 7. d4 Bxf5 8. exf5 b4
9. Nce2 Na6 10. Bg5 g6 11. fxg6 Nd5 12. Bxd8 Kxd8 13. Rd1 fxg6 14. c4 Nb6 15.
dxe5 Nxc4 16. e6 Bg7 17. b3 Nb2 18. Rxd6+ Kc7 19. Rd7+ Kb6 20. Nd4 Nd3+ 21. Bxd3
Bxd4 22. Rxd4 Nc5 23. Bxg6 Rhe8 24. Rxb4+ Ka5 25. a3 Rxe6+ 26. Ne2 1-0

[Event "Challenge"]
[Site "http://www.queenalice.com/game.php?id=271143"]
[Date "2007.9.13"]
[Round "-"]
[White "tonio6291"]
[Black "berguette"]
[Result "0-1"]
[WhiteElo "1307"]
[BlackElo "1326"]

1. e4 Nf6 2. d4 e6 3. b3 Nxe4 4. f3 Qh4+ 5. g3 Bb4+ 6. c3 Nxc3 7. Nxc3 Bxc3+ 8.
Kf2 Bxd4+ 9. Kg2 Qf6 10. Nh3 e5 11. b4 h5 12. Bg5 Qg6 13. Bc4 f6 14. Bh4 Nc6 15.
Re1 Ne7 16. Bb5 Nf5 0-1

[Event "AUTO-BEG-138"]
[Site "http://www.queenalice.com/game.php?id=271792"]
[Date "2007.9.14"]
[Round "1"]
[White "LAIRA"]
[Black "tonio6291"]
[Result "1-0"]
[WhiteElo "1725"]
[BlackElo "1327"]

1. e4 e5 2. Nc3 Nf6 3. Bc4 Qe7 4. d3 c5 5. Bg5 d6 6. Nd5 Qd8 7. Bxf6 gxf6 8. Nf3
Bh6 9. O-O O-O 10. Nh4 Kh8 11. Qh5 Rg8 12. Qxh6 Bg4 13. Nxf6 Nd7 14. Qxh7# 1-0

[Event "AUTO-BEG-138"]
[Site "http://www.queenalice.com/game.php?id=271793"]
[Date "2007.9.14"]
[Round "1"]
[White "tonio6291"]
[Black "LAIRA"]
[Result "0-1"]
[WhiteElo "1309"]
[BlackElo "1741"]

1. e4 c5 2. d3 d6 3. Nf3 g6 4. c4 Bg7 5. g3 Nf6 6. a4 O-O 7. Be2 Nbd7 8. a5 b6
9. Nh4 e5 10. O-O Bb7 11. Bg4 Nxg4 12. h3 Ngf6 13. Nc3 Bc6 0-1

[Event "AUTO-BEG-138"]
[Site "http://www.queenalice.com/game.php?id=271805"]
[Date "2007.9.14"]
[Round "1"]
[White "tonio6291"]
[Black "carol_2007"]
[Result "1-0"]
[WhiteElo "1277"]
[BlackElo "1125"]

1. e4 Nf6 2. d4 Nxe4 3. f3 Nf6 4. Na3 g6 5. Ne2 Nh5 6. Nc3 Bh6 7. g3 Bg7 8. Bh3
Nf6 9. O-O Bh6 10. Bxh6 Rf8 11. Bxf8 Kxf8 12. Qd2 Ke8 13. Rfe1 1-0